000 00327nam a22001337a 4500
008 250314b |||||||| |||| 00| 0 eng d
020 _a1870670329
050 _aHC1045
_b.K55
100 _aKNIGHT, Derrick
245 _aA Burning Hunger
260 _aLondon
_bPanos Publication Ltd.
_c1994
300 _aviii, 208p.
942 _cBK
999 _c2330
_d2330